[Event "Champions Chess Tour Aimchess U.S. Rapi"]
[Site "Online"]
[Date "2021.09.03"]
[Round "1"]
[White "Aronian, Levon"]
[Black "Carlsen, Magnus"]
[Result "0-1"]
[WhiteElo "2761"]
[BlackElo "2881"]
[EventDate "2021.??.??"]
[Annotator "yermo"]
[PlyCount "88"]
[Beauty "7357815849510"]
[EventType "rapid"]
[TimeControl "900+10"]

1.e4 {These days Levon Aronian plays as much 1.e4, as his usual closed openings, at least in online games.} 1...e5 2.Nf3 Nc6 3.Bb5 a6 4.Ba4 Nf6 5.O-O Be7 6.Re1 b5 7.Bb3 O-O 8.a4 {One of the ways of sidestepping the Marshall Attack.} 8...Bb7 ( {Aronian himself prefers} 8...b4 {and after} 9.d4 d6 10.dxe5 {he played both} 10...dxe5 ( {and} 10...Nxe5 ) ) 9.d3 {White is trying to keep Black's Bb7 bottled in.} ( {In case of} 9.c3 d5 $1 {is even stronger.} ) 9...Re8 $5 {A clever move order.} ( {Carlsen experimented with} 9...d5 10.exd5 Nxd5 {against Caruana at Norway Chess 2017, but this line doesn't have good reputation. Robson-Durarbayli, Ulaanbaatar 2018, proved White's advantage after} 11.axb5 axb5 12.Rxa8 Bxa8 13.Nxe5 Nd4 14.Nd2 Bd6 15.c3 Nxb3 16.Nxb3 Re8 17.d4 Nf6 18.Bg5 ) ( {Much more reliable is} 9...d6 {Among many games I can mention the recent encounter Bacrot-Carlsen, World Cup 2021 that saw} 10.Bd2 Qd7 11.Nc3 Na5 12.Ba2 c5 13.Ne2 Nc6 14.Ng3 d5 $1 15.exd5 Nxd5 {Black has already equalized thanks to a little detail,} 16.Nxe5 Nxe5 17.Rxe5 {is met with} 17...Bf6 {winning the b2-pawn. All in all, I'm rather sceptical about the entire Bd2 concept.} ) 10.Bd2 {OK, we'll find out now.} ( {Against Grischuk, Chess.com Speed Chess 2017, Carlsen reacted to} 10.c3 h6 11.Ba2 {with the surprising} 11...b4 12.Nbd2 Bc5 $5 {taking the game into the Arkhangelsk variation, never mind the extra bishop move. My guess is that the modern treatment of the Ruy Lopez allows for a great degree of creativity from both sides.} ) 10...b4 $5 {Black insists on his Na5 idea.} 11.Bg5 ( {In light of the above comment} 11.a5 {makes sense, but then Black can try} 11...d5 $5 12.exd5 Nxd5 {The Marshall again, and what is White going to do about his Nb1?} ) 11...Na5 $1 12.Ba2 {Of course, the bishop has to be preserved.} ( {Black is perfectly happy with} 12.Nxe5 Nxb3 13.cxb3 h6 14.Be3 d5 $1 ) 12...h6 13.Bh4 d6 14.Nbd2 c5 15.Bxf6 $6 {A radical solution to the bishop problem from Aronian. He wanted to develop his play on the light squares, and figured that getting rid of the black knight would be in line with that.} ( {A different scenario can be offered by} 15.h3 g6 16.Nh2 Kg7 17.Nhf1 Nh5 18.Bxe7 Qxe7 19.Ne3 Nf4 {but in this case Black's minor pieces seem to be sufficiently well-placed to meet White's plans.} ) 15...Bxf6 16.Nc4 Nxc4 17.Bxc4 a5 18.g3 ( {A logical continuation of White's precious play would have been} 18.c3 g6 19.Qb3 Re7 20.Bd5 Rb8 21.Bxb7 Rexb7 22.Qd5 {but placing the queen on d5 is not the optimal use of that square. In similar situations from the Najdorf Sicilian Black holds his own by making sure that White's Nf3 doesn't get to improve its position. Here it's accomplished by} 22...bxc3 23.bxc3 Rb2 ) 18...g6 19.h4 $6 {I don't see any sense in pushing the h-pawn forward, because Black is the only one here with kingside prospects.} 19...h5 20.Nd2 Bg7 21.Nf1 ( 21.Bd5 $2 Bxd5 22.exd5 f5 23.Nc4 Rf8 {illustrates the point well. After Ra7-f7 Black will push his f-pawn forward, and the beautifully placed white knight won't be able to help its monarch.} ) 21...Bh6 22.Qf3 Rf8 23.Ne3 Ra7 24.Nd5 ( 24.Bd5 Bc8 25.Nc4 Kg7 {is the same scenario - Black has f7-f5 prepared, while White isn't doing anything in particular.} ) 24...Kg7 25.Rf1 f5 $1 26.exf5 Rxf5 27.Qe2 ( {The only way to support Nd5 was} 27.Qe4 {but White would remain under the pin, and therefore unable to start his counterplay in the center, as seen from} 27...Bc6 28.c3 Raf7 29.d4 exd4 30.cxd4 Qa8 $19 ) 27...Bc6 $1 {Unlike his opponent's Carlsen's play is purposeful and strong.} 28.Rae1 Qa8 29.Ne3 $2 ( 29.Qe4 Raf7 30.f3 g5 $1 {with strong attack in the making.} ) 29...Bf3 30.Qd2 d5 {White might have as well resigned here.} 31.Ba2 Rf8 32.c3 d4 33.cxd4 exd4 34.Qc2 dxe3 35.fxe3 Rc7 36.Qc4 Bg4 37.Rxf8 Qxf8 38.d4 Kh7 39.e4 Bg7 40.Rf1 Bxd4+ 41.Kg2 Qc8 42.Rf7+ Rxf7 43.Qxf7+ Bg7 44.e5 Qf5 0-1

[Event "Meltwater Champions Chess Tour Finals"]
[Site "Online"]
[Date "2021.09.28"]
[Round "4.4"]
[White "Aronian, Levon"]
[Black "Giri, Anish"]
[Result "1-0"]
[WhiteElo "2782"]
[BlackElo "2777"]
[EventDate "2021.??.??"]
[Annotator "Bojkov,Dejan"]
[PlyCount "87"]
[Beauty "7427072204369"]
[EventType "team-tourn"]

1.d4 d5 2.c4 e6 3.Nf3 c6 4.e3 Bd6 5.Nc3 f5 {In a must-win situation Giri chooses the Stonewall.} 6.Ne5 Nf6 7.Be2 O-O 8.O-O Bd7 {Giri chooses to maneuver his bishop on the kingside, the most aggressive option.} ( {The modern plan in the line develops this bishop with a finachetto:} 8...b6 9.Rb1 a5 10.a3 Ba6 11.b4 axb4 12.axb4 Bxc4 13.Nxc4 dxc4 14.Bxc4 Nd5 15.Bd2 {with solid position for Black in Yilmaz,M (2630)-Nisipeanu,L (2655) Playchess. com INT 2020} ) 9.f4 {The most unpleasant approach by Aronian, taking into consideration the match situation. The blocked nature of the position allows him a chance to develop pressure without too much risk.} 9...Be8 10.Bd2 Nbd7 11.Be1 $146 {That's a novelty, but it is quite an obvious move as well. The bishop is heading to a better position, just like the black Be8 earlier.} ( {In the predecessor White expanded on the queenside at once with:} 11.Rb1 Qe7 12.c5 Bc7 13.b4 a6 14.a4 Ne4 15.Nxe4 dxe4 16.b5 axb5 17.axb5 Nf6 18.Qb3 Bxe5 19.fxe5 Nd5 {But the black powerful knight held his position together, Frendzas,P (2390)-Tchantcev,C (2000) Kavala 1997} ) 11...a5 {Disrupts the queenside expansion.} 12.Rc1 {Prepares a timely trade on d5.} 12...Ne4 {And Giri finds nothing else but to try and seize some space in return.} 13.Nxe4 dxe4 14.c5 {So does Aronian.} 14...Be7 ( {Objectively:} 14...Nxe5 {Was a better choice, but how to play for a win after:} 15.dxe5 Be7 16.Qxd8 Bxd8 17.Bf2 ) 15.Qb3 Nxe5 {This is forced.} ( {Otherwise Black cannot defend his e6 pawn:} 15...Bf7 16.Nxf7 Kxf7 17.Bc4 ) 16.dxe5 Qc8 17.Bg3 h6 {Giri's plan is obvious. He prepares Kg8-h7(h8), followed by Rf8-g8 and finally g7-g5.} ( {After:} 17...Bf7 {White would have likely continued as in the game:} 18.Rfd1 Rd8 19.Rd6 $1 ) 18.Rfd1 Kh7 {While watching the game online I had no doubts what Aronian will play next.} 19.Rd6 $1 {The only surprising thing was that he took more than a minute on his clock to slam the rook deep into the opponent's camp. Giri will have to accept the sacrifice sooner or later, or else his pawn on e6 would be exposed once again.} ( {The computer suggestion:} 19.Rd4 Rg8 {leaves Black doing his kingside thing unhindered.} ) 19...Bf7 ( {The immediate capture:} 19...Bxd6 {Can be met as in the game:} 20.cxd6 ( {However, White had an additional choice:} 20.exd6 Bf7 21.Qc3 {and once that the long diagonal is seized he can combine the kingside threats with teh advance of his super-passer.} ) 20...Rg8 21.a4 $1 ( {Or the immediate:} 21.Be1 $1 ) ) 20.a4 $1 {An important move in Aronian's plan. He fixes a weakness on a dark square, knowing that Black will soon miss the bishop on that color.} 20...Bxd6 21.cxd6 ( {Not:} 21.exd6 e5 $1 ) 21...Rg8 22.Qb6 {White keeps his bishop on the kingside for the defense.} ( {Although he could have gone for the pawn with:} 22.Be1 g5 23.Rc5 ) 22...g5 {There is nothing else left.} 23.Rc5 Rg7 24.Rxa5 Rxa5 25.Qxa5 Qe8 $1 {All forces are joining the kingside efforts.} ( {The attempt to open files on the queenside:} 25...b5 $5 {would fail due to:} 26.Qc7 Qxc7 27.dxc7 Rg8 28.Be1 $1 {and White is complete control on the queenside.} ) 26.Qb6 ( {A tad more accurate seemed:} 26.Qd2 $5 {In order to divert the black queen from its active position first:} 26...Qd7 {Then gain queenside space with:} 27.b4 ) 26...Bh5 27.Bc4 {The most active choice as always.} ( 27.Bf1 Bd1 ) 27...Bd1 28.b3 Bc2 29.a5 gxf4 {Finally Giri opens the g-file and White has to be careful.} 30.exf4 $1 ( {The other capture might have led to a draw in the line:} 30.Bxf4 Qh5 31.Qd4 Bxb3 $1 32.Bxb3 Rxg2+ 33.Kxg2 Qe2+ {with a perpetual. Not that Aronian would have objected this result, but still...} ) 30...Qh5 {There is no more obvious an dlogical move than that, but it transpires that White can cover every single squre now.} ( {The computer somehow holds the fort with:} 30...Bd3 $1 31.Bxd3 exd3 32.Qd4 Qa8 $1 33.Qxd3 Qxa5 34.h3 c5 35.Bh4 Qa2 {For example:} 36.Qf3 Qd2 37.Bf6 Rf7 38.Kh2 Rxf6 $1 39.exf6 Kg6 {But this is not convincing, White should have better continuations along the lines.} ) 31.Qe3 $1 {Just in time. All Aronian needs is to swap the queens when his grand-d-passer-strategy would be finally crowned.} 31...Qd1+ 32.Qe1 Qd4+ ( 32...Qxe1+ 33.Bxe1 {is hopelss for Black.} ) 33.Bf2 Qb2 34.Bxe6 e3 $1 {The last try.} 35.Qxe3 $1 {Rejected.} ( {It was not too late for fall into the trap:} 35.Bxe3 Rxg2+ $1 36.Kxg2 Be4+ 37.Kh3 Qg2+ 38.Kh4 Qg4# ) 35...Be4 36.g3 Qb1+ 37.Be1 Qd1 ( {Or:} 37...Qc2 38.Qd2 ) 38.Bc4 h5 39.Qe2 Qd4+ 40.Kf1 Kh6 41.Qd2 {The queen swap is forced, and so is the win.} 41...Qxd2 42.Bxd2 h4 43.e6 hxg3 44.hxg3 1-0

[Event "Chess 2021"]
[Site "Stavanger"]
[Date "2021.09.10"]
[Round "4.2"]
[White "Carlsen, Magnus"]
[Black "Nepomniachtchi, Ian"]
[Result "1-0"]
[WhiteElo "2855"]
[BlackElo "2792"]
[EventDate "2021.??.??"]
[Annotator "Bojkov,Dejan"]
[PlyCount "81"]
[Beauty "7629069890055"]
[EventType "swiss"]
[EventRounds "17"]
[EventCountry "NOR"]

1.Nf3 {One of two long awaited pre-WCC clashes took place today and two major openings were discussed. The Berlin was Nepomniachtchi's choice against 1. e2-e4 and in this game the world champion tested his semi-closed preparation.} 1...Nf6 2.g3 d5 3.Bg2 g6 4.O-O Bg7 5.c4 c6 6.b3 Ne4 7.d4 {From the Reti into the Grunfeld, another opening we will likely witness in Dubai.} 7...O-O 8.Bb2 a5 {A typical relieving maneuver.} 9.Nc3 Bf5 10.e3 Nxc3 11.Bxc3 Be4 {It seems as Black is very close to the equality but some reefs still need to be avoided.} 12.Qe2 a4 ( 12...Nd7 $6 13.cxd5 $1 cxd5 14.Qb5 Qc7 15.Rfc1 {was nice for White in the very recent game Carlsen,M (2847)-Duda,J (2738) Online 2021} ) 13.Rfc1 axb3 ( {Black was suffering after} 13...Nd7 14.Bh3 $1 Bxf3 15.Qxf3 e6 16.Qe2 axb3 17.axb3 Rxa1 18.Rxa1 Qb6 19.Qc2 Qc7 20.Ra7 {in the recent game Oparin,G (2655)-Mamedov,R (2654) Online 2021} ) 14.axb3 Rxa1 15.Rxa1 Qb6 $5 $146 {Both sides are putting as much pressure on the queenside as they can. Carlsen called this a \"strange\" move.} ( {Curiously, in an earlier game Black took actions on the opposite wing and held the balance after} 15...c5 $1 {Carlsen remarked about this: \"I think I've been tricked like this before in some game!\"'} 16.Qb2 cxd4 17.Bxd4 Bxd4 18.exd4 Nc6 19.c5 e6 20.Nd2 Bxg2 21.Kxg2 Qf6 22.Nf3 g5 23.h3 h5 24.Qc3 Qf5 25.Re1 Ra8 {1/2-1/2 Nikolic,P (2648)-Kempinski,R (2586) Antalya 2004} ) 16.b4 Nd7 {This obvious move seems to be the reason for Nepomniachtchi's problems.} ( {Stronger was to separate the white pawn chain with} 16...dxc4 $1 17.Qxc4 {followed by either} 17...Na6 ( {Or} 17...Nd7 {and in both cases the knight will march forward the d5 outpost.} ) ) 17.c5 $1 {Carlsen wouldn't miss a chance to grind anyone.} 17...Qc7 18.Ra7 Qb8 {It seems as Nepomniachtchi was following a relatively forcing line where he believed he would equalize.} ( {The passive defense} 18...Rb8 {can be met with either} 19.Qa2 ( {Or even better, play à la Oparin:} 19.Bh3 $5 Bxf3 20.Qxf3 e6 21.Qd1 {with a pleasant edge for Black.} ) 19...Qc8 20.Nd2 ) 19.Qa2 Bxf3 {In order to clear the e5-square.} ( {The defense} 19...Bd3 20.Bh3 e6 {was the better choice in hindsight, as the constant threat of Bd3-a6 would force White to retreat. True, Carlsen is still better in the line but Black's resources are not exhausted.} ) ( 19...e5 {Peter,Doggers} 20.Nxe5 Nxe5 21.Bxe4 dxe4 22.dxe5 Rd8 23.b5 {is another overwhelming advantage.} ) 20.Bxf3 e5 21.b5 {Carlsen is not afraid of ghosts.} ( {Also interesting was} 21.Qa5 $5 exd4 22.Bxd4 Bxd4 23.exd4 Nf6 {with an edge for White.} ) 21...e4 {Based on an oversight.} ( {Black had to try} 21...exd4 22.Bxd4 Bxd4 ( {or} 22...Ne5 23.Bg2 Nc4 ) 23.exd4 Nf6 {although White is clearly better here too.} ) 22.Be2 Nxc5 {This trick is what Nepomniachtchi was hoping for, but it backfires.} ( {True, the passive defense} 22...Qc8 {would no longer help after} 23.bxc6 bxc6 ( {Or} 23...Qxc6 24.Qb3 ) 24.Ba5 {and Black's queenside crumbles.} ) 23.Bb4 $1 {Not sure what Nepomniachtchi missed, but now he is completely lost.} 23...Na6 24.Bxf8 Bxf8 25.Rxb7 $1 {Rude and effective!} ( {There was also the cute win} 25.b6 $1 Nb4 26.Rxb7 $1 Qxb7 27.Qa7 {and the pawn is unstoppable.} ) 25...Qxb7 26.Qxa6 Qb8 ( {No time for} 26...Qxa6 27.bxa6 ) 27.Qxc6 Qd6 28.Qxd6 {Carlsen quickly liquidates into an endgame which he knows he is winning. An elegant effectiveness.} ( {A tad more accurate seemed} 28.Qb7 $1 Be7 29.Bd1 $1 Bd8 30.Bb3 ) 28...Bxd6 29.Bd1 Bc7 30.Bb3 Kg7 31.Bxd5 f5 32.g4 $1 {Carlsen creates one more weakness.} 32...Kf6 ( {The most resilient} 32...h5 {would not have saved Black neither.} ) 33.h4 h6 34.Kg2 Bd8 35.h5 $1 {The point behind White's play, the e4 pawn falls.} 35...fxg4 36.hxg6 Kxg6 37.Bxe4+ Kg5 38.f4+ Kf6 ( {Or} 38...gxf3+ 39.Kxf3 {and the passers move with ease.} ) 39.Kg3 h5 40.Kh4 Ba5 41.b6 1-0

[Event "Chess 2021"]
[Site "Stavanger"]
[Date "2021.09.14"]
[Round "13"]
[White "Rapport, Richard"]
[Black "Karjakin, Sergey"]
[Result "1-0"]
[WhiteElo "2760"]
[BlackElo "2758"]
[EventDate "2021.??.??"]
[Annotator "Bojkov,Dejan"]
[PlyCount "117"]
[Beauty "6464596875790"]
[EventType "swiss"]
[EventRounds "17"]
[EventCountry "NOR"]

1.d4 Nf6 2.c4 e6 3.Nc3 Bb4 4.Nf3 {Quite a decent line against the Nimzo-Indian.} 4...O-O 5.Qc2 d5 6.Bg5 h6 7.Bxf6 {More popular move nowadays in comparison to the older 7.Bh4.} 7...Qxf6 8.a3 Bxc3+ 9.Qxc3 dxc4 10.Qxc4 c6 {Now the position resembles a Queen's Gambit Declined, when Black is trying to free himself with the e6-e5 break ideally.} ( {However, Black may also use the c6-square more aggressively, as Nakamura did in this recent game:} 10...Nc6 11.Qc3 Re8 12.Rd1 e5 13.d5 Nb8 14.e3 Bg4 15.Be2 Nd7 16.O-O Bxf3 17.Bxf3 e4 18.Qxc7 exf3 19.Qxd7 fxg2 20.Rfe1 Qxb2 21.Rb1 Qxa3 22.Rxb7 Rf8 {and it eventually ended in a draw in Shankland,S (2709)-Nakamura,H (2736) St. Louis 2021} ) 11.g3 Nd7 12.Bh3 $1 $146 {A novelty, which rules out the e6-e5 possibility. \"I thought that this move was very clever.\" (Rapport)} ( {Wild complications arose after} 12.Qc3 c5 13.Bg2 b6 14.Ne5 cxd4 15.Qc7 Nxe5 16.Bxa8 Ba6 17.Qxa7 Bc4 18.f4 d3 19.fxe5 Qxe5 20.Bf3 Qe3 {and Black's initiative proved enough for the equality at the end in Zhao,X (2499)-Tan,Z (2508) China 2017} ) 12...c5 $1 {\"Also a fantastic move.\" (Polgar) And pretty much the only thing that Black can do. Otherwise Karjakin would be in a bind.} 13.dxc5 b6 14.c6 {\"Otherwise I allow him equality.\" (Rapport)} ( {As in the line} 14.cxb6 Nxb6 15.Qc3 Qxc3+ 16.bxc3 Ba6 {and White will not be able to preserve his extra pawn for long.} ) 14...Qxb2 15.O-O Nc5 16.Nd4 Rd8 {An obvious move.} ( {However, there seems to be instant equality thanks to a hidden computer resource:} 16...e5 $1 17.Bxc8 ( {Or a similar idea in the line} 17.Nf5 Kh7 $3 ) 17...Raxc8 18.Nf5 {The fork on e7 is a major threat but Qc4-g4 would also win for White if allowed. And still, Black can parry these two thanks to the pretty prophylaxis} 18...Kh7 $1 ) 17.e3 $1 {As Rapport explained, the position is extremely concrete. White chose not to fight for the open file also for concrete reasons.} ( {In case of the logical} 17.Rad1 {He saw} 17...Ba6 18.Qb4 {and the idea} 18...Nd3 $3 {\"I might be worse.\" (Rapport) Then he prolonged the line} 19.Rxd3 ( 19.exd3 Qxd4 {is indeed not looking great for White.} ) 19...Qxb4 20.axb4 Bxd3 21.Nxe6 Rd6 22.Nc7 Rad8 23.exd3 Rxc6 {\"And I felt like he has compensation.\" (Rapport)} ) 17...Ba6 18.Qb4 Nd3 ( {\"He cannot take the exchange.\"} 18...Qxb4 19.axb4 Bxf1 20.Bxf1 Ne4 21.Ba6 $1 {\"and I feel like I am very close to winning here.\" (Rapport) And then he explained why:} 21...Nd6 {loses to} 22.Bb7 $1 ( {Also good seems} 22.c7 $5 Rd7 23.Rc1 Rc8 24.Bxc8 Nxc8 25.f4 {when White is better too.} ) 22...Rab8 23.c7 Nxb7 24.Nc6 $3 {Just to realize that Black can actually defend with} 24...Ra8 25.Nxd8 Nxd8 26.Rxa7 Rc8 27.cxd8=Q+ Rxd8 {Rapport considered this a draw, but there is a long and windy road until it is achieved by Black.} ) 19.Qxb2 Nxb2 20.Rfb1 ( {Another plausible plan was} 20.Rfc1 $5 Nd3 21.Rc3 Nc5 22.a4 ) 20...Na4 21.f4 $1 ( {At first White wanted to play} 21.Rb4 {but then he disliked the counterplay} 21...Nc3 22.a4 Ne2+ {(Rapport)} ) ( {Interesting was} 21.c7 $5 {As the black rook lacks a safe square. Karjakin might have planned} 21...Rd7 22.Bg2 Rc8 23.Bc6 Rxd4 24.exd4 Nc3 25.Rb4 Rxc7 {hoping for a fortress.} ) 21...Nc3 {Black uses the chance to centralize his knight. The next moves are very logical as well.} 22.Rb2 Nd5 23.Kf2 Nc7 24.Rd1 {Both sides are fiercely fighting for the d-file. If White takes control of it he will use the d7 outpost for infiltration, and win.} ( {Although play like} 24.Bg2 Rd6 25.Bf3 Rad8 26.a4 {also looks good for White.} ) 24...Rd6 25.Rbd2 Rad8 26.Ke1 Bc4 ( {Not} 26...Nd5 27.Nf3 {(Rapport)} ) 27.e4 f6 28.Bg2 e5 $1 {Karjakin decided to bet on a fortress. A wise decision, especially taking into an account the arising time-trouble.} ( {Instead} 28...Rf8 $5 {was a cunning resource. \"I was not sure what am I doing here.\" (Rapport) The point of this ambush is revealed in the line} 29.e5 ( {However, White is not forced to fall into it and may choose instead} 29.Bf3 $5 ) ( {Or} 29.a4 {with an advantage in both cases.} ) 29...fxe5 30.fxe5 Rd5 31.Bxd5 Rf1# ) 29.fxe5 fxe5 30.Nf3 Rxd2 31.Rxd2 Rxd2 32.Kxd2 Bb5 33.Nxe5 Kf8 {All Black needs now is to swap his bishop for the enemy knight at a good moment to achieve a rock-solid position.} 34.h4 $1 {Securing a square for his own knight.} ( {After} 34.Ke3 {Black defends with} 34...Ke7 35.Ng6+ Kf7 ( 35...Kf6 36.Nf4 $1 ) ) 34...Ke7 35.Ng6+ Kd6 ( {The counterplay} 35...Kf6 36.h5 Kg5 {does not work after} 37.Ne7 Kxh5 ( 37...Kg4 38.Nd5 ) 38.Nd5 {(Rapport)} ) 36.e5+ Kc5 37.Ne7 Kd4 38.Nc8 {A tough choice for the first player. Which pawn to take?} ( {There is no clear answer, as} 38.Nf5+ Kxe5 39.Nxg7 Ba6 $5 40.g4 Bc8 {promises Black decent drawing chances as well.} ) 38...Kxe5 39.Nxa7 Kd6 {Rapport considered this a mistake.} ( {He suggested instead} 39...Ba6 40.Kc3 Kd6 41.Kb4 Ne6 42.a4 Nc7 43.Nb5+ Bxb5 44.axb5 Ke5 {(Rapport)} ) 40.Nc8+ $1 {\"He let my knight out and after that it is really unpleasant [for Black].\" (Rapport)} 40...Kc5 41.Ne7 Ne6 42.Kc3 {It should be noted that Karjakin was quite low on the clock at this point.} ( {The Hungarian GM also considered} 42.Bh3 Nc7 43.Bd7 Nd5 44.Nf5 {and was not sure if this was not even better than his game choice.} ) 42...Kd6 43.Kb4 Ba6 ( {This was the last moment when Black could have saved himself neatly with} 43...Nd4 $1 {to which White planned} 44.Nf5+ Nxf5 45.Kxb5 Kc7 46.g4 Nxh4 ( {But in the post-game analysis, Rapport spotted that} 46...Nd4+ $1 {would be a draw.} ) 47.Be4 {to trap the knight.} ) 44.Nf5+ Ke5 45.Bh3 h5 46.Ne3 Nc7 47.Bg2 g6 {\"After I provoked g7-g6 and h6-h5 it is practically over. I will take them in the long run\" (Rapport)} 48.a4 ( {With the two weaknesses fixed on the color of the White bishop} 48.Nc4+ Bxc4 49.Kxc4 {would have been even more effective than the game continuation.} ) 48...Kd4 49.Nc2+ Ke5 50.Kc3 {On top of everything, Karjakin blunders in time-trouble...} 50...Kd6 {...and quickly loses his pawns:} 51.Be4 Be2 52.Nd4 Ke5 53.Bxg6 Nd5+ 54.Kd2 Bg4 55.Nb5 Ne7 56.Be8 Bf3 57.c7 Bg4 58.Bf7 Nc6 59.Bxh5 $1 {A fantastic performance for the Hungarian GM so far!} 1-0